000 00326nam a22001217a 4500
003 SGT
082 _a370
_bRAG
100 _aराघव, श्वेता
245 _aपरिवार और सामुदायिक पुनर्वास
260 _aDELHI
_bRI PUB.
_c2017
300 _a156
942 _2ddc
_cBK
_029
999 _c17445
_d17445